000 00331nam a2200121Ia 4500
008 220217s9999||||xx |||||||||||||| ||und||
082 _a004.43 SCH
100 _aSchein, Philip, G
_91260
245 0 _aWindows 2000 security design
260 _aDreamtech press
_bNew Delhi
_c2000
300 _b199
650 _aOperating systems
999 _c166148
_d166148